[Event "Hamilton op"]
[Site "Hamilton CAN"]
[Date "2007.08.18"]
[Round "2"]
[White "Armstrong, Robert J"]
[Black "Douglas, Richard"]
[Result "1/2-1/2"]
[WhiteElo "1808"]
[BlackElo "1673"]
[PlyCount "57"]
[GameId "2160767910579825"]
[EventDate "2007.08.18"]
[EventType "swiss"]
[EventRounds "5"]
[EventCountry "CAN"]

1. d4 Nf6 2. c4 g6 3. Nc3 Bg7 4. e4 d6 5. f3 O-O 6. Be3 Nbd7 7. Nge2 c5 8. Qd2 cxd4 9. Nf4 a6 10. Nfd5 Nxd5 11. Nxd5 e6 12. Nc3 h5 13. Bh6 Ne5 14. Qe3 Bd7 15. Be2 Rc8 16. b3 b5 17. cxb5 Qa5 18. Rc1 axb5 19. Bxg7 Kxg7 20. g3 h4 21. Rd1 hxg3 22. Qh6+ Kg8 23. Qh3 g5 24. b4 g4 25. a4 Nxf3+ 26. Kf1 bxa4 27. Rg1 Ne5 28. hxg3 Kg7 29. Ke1 1/2-1/2

[Event "Hamilton op"]
[Site "Hamilton CAN"]
[Date "2007.08.18"]
[Round "3"]
[White "Armstrong, Robert J"]
[Black "Douglas, Steve"]
[Result "0-1"]
[WhiteElo "1808"]
[BlackElo "1645"]
[PlyCount "56"]
[GameId "2160767910579826"]
[EventDate "2007.08.18"]
[EventType "swiss"]
[EventRounds "5"]
[EventCountry "CAN"]

1. d4 Nf6 2. c4 g6 3. Nc3 Bg7 4. e4 d6 5. f3 Nbd7 6. Be3 c5 7. Nge2 e5 8. dxe5 dxe5 9. Bxc5 Nb6 10. Qd2 Nfd7 11. Bf2 O-O 12. g3 h5 13. h4 Re8 14. Rd1 a6 15. Bg2 Bh6 16. Qxd7 Bg7 17. Rh2 Qc7 18. Nd5 Nxd5 19. Qxd5 Qa5+ 20. Rd2 Qxa2 21. Qd3 Rd8 22. Bc5 Re8 23. Nd4 a5 24. Rd1 Bg4 25. fxg4 f5 26. Rd2 Rf8 27. g5 Rfd8 28. Qa3 Qa1+ 0-1

[Event "Hamilton op"]
[Site "Hamilton CAN"]
[Date "2007.08.19"]
[Round "4"]
[White "Jordan, John"]
[Black "Armstrong, Robert J"]
[Result "1/2-1/2"]
[WhiteElo "1836"]
[BlackElo "1808"]
[PlyCount "61"]
[GameId "2160767910579827"]
[EventDate "2007.08.18"]
[EventType "swiss"]
[EventRounds "5"]
[EventCountry "CAN"]

1. d4 g6 2. c4 Bg7 3. Nc3 d6 4. Nf3 Nf6 5. e4 O-O 6. Be2 c5 7. O-O cxd4 8. Nxd4 Nbd7 9. Nc6 Nc5 10. f3 a6 11. b4 Ncd7 12. f4 e5 13. fxe5 Nxe5 14. Rb1 Neg4 15. Bf4 Nh5 16. Nd5 Nxf4 17. Rxf4 Nf6 18. Nxf6+ Bxf6 19. Rf2 Bg7 20. Rc1 a5 21. Bf3 Ra6 22. Qe1 Qc7 23. Qe3 Be6 24. Qd2 Qb6 25. Kh1 Rc8 26. bxa5 Re8 27. h3 Rc8 28. Qc3 f6 29. Qb2 Qxf2 30. Qe2 Qc5 31. Qb2 1/2-1/2

[Event "Hamilton op"]
[Site "Hamilton CAN"]
[Date "2007.08.19"]
[Round "5"]
[White "Armstrong, Robert J"]
[Black "Lehmann, James"]
[Result "1-0"]
[WhiteElo "1808"]
[BlackElo "1609"]
[PlyCount "50"]
[GameId "2160767910579828"]
[EventDate "2007.08.18"]
[EventType "swiss"]
[EventRounds "5"]
[EventCountry "CAN"]

1. d4 d5 2. c4 e6 3. e3 Nf6 4. Nf3 Be7 5. Bd3 dxc4 6. Bxc4 O-O 7. O-O b6 8. Nc3 Nc6 9. Qc2 Bc5 10. e4 Bb7 11. e5 Nd5 12. Qe4 Nxd4 13. Qe2 a6 14. Nxd5 Qd6 15. Bd3 Rfd8 16. Nf4 Ra7 17. a4 Qe7 18. Rd1 Qf6 19. Bb5 Qxf4 20. Bc6 Qg4 21. Rd3 Kf8 22. Rc3 Ke7 23. Rd3 Rd6 24. Bd5 Kf8 25. Kf1 Ke8 1-0

[Event "Hamilton op"]
[Site "Hamilton CAN"]
[Date "2007.08.19"]
[Round "5"]
[White "Douglas, Steve"]
[Black "Gillanders, Robert"]
[Result "1-0"]
[WhiteElo "1645"]
[BlackElo "1846"]
[PlyCount "37"]
[GameId "2160767910579829"]
[EventDate "2007.08.18"]
[EventType "swiss"]
[EventRounds "5"]
[EventCountry "CAN"]

1. e4 c5 2. Nc3 Nc6 3. f4 d6 4. Bb5 a6 5. Bxc6+ bxc6 6. Nf3 Qc7 7. d3 g6 8. O-O Bg7 9. Qe1 e6 10. Rb1 Ne7 11. Bd2 O-O 12. Qh4 d5 13. f5 exf5 14. Bh6 fxe4 15. Ng5 Bd4+ 16. Kh1 Be3 17. Nxh7 Bxh6 18. Qxh6 f5 19. Nxf8 1-0

[Event "Hart House Closed"]
[Site "Toronto CAN"]
[Date "2007.05.25"]
[Round "1"]
[White "Ferreira, Alex"]
[Black "Chan, Walter"]
[Result "0-1"]
[WhiteElo "2058"]
[BlackElo "2109"]
[PlyCount "56"]
[GameId "2160767910667803"]
[EventDate "2007.05.25"]
[EventType "tourn"]
[EventRounds "6"]
[EventCountry "CAN"]

1. d4 e6 2. d5 exd5 3. Qxd5 Nf6 4. Qb3 d5 5. Nf3 Nbd7 6. Nc3 Nc5 7. Qa3 Nd3+ 8. exd3 Bxa3 9. bxa3 d4 10. Ne4 Nxe4 11. dxe4 O-O 12. Bb2 c5 13. O-O-O Re8 14. h4 Bg4 15. Bc4 Be6 16. Bb5 Re7 17. Kb1 Qa5 18. Be2 b5 19. Nxd4 cxd4 20. Rxd4 Rd8 21. Bc3 Qc7 22. Rxd8+ Qxd8 23. f4 Bc4 24. Bf3 Rd7 25. g4 Qc7 26. Be5 Qc5 27. g5 Qxa3 28. Bg4 Bxa2+ 0-1

[Event "Hart House Closed"]
[Site "Toronto CAN"]
[Date "2007.06.01"]
[Round "2"]
[White "Roller, Robert"]
[Black "Ferreira, Alex"]
[Result "1/2-1/2"]
[WhiteElo "1767"]
[BlackElo "2006"]
[PlyCount "21"]
[GameId "2160767910667804"]
[EventDate "2007.05.25"]
[EventType "tourn"]
[EventRounds "6"]
[EventCountry "CAN"]

1. e4 Nf6 2. e5 Nd5 3. d4 d6 4. c4 Nb6 5. exd6 exd6 6. Nc3 Be7 7. Be3 Bf5 8. Qf3 c5 9. dxc5 Bg4 10. Qg3 dxc5 11. Qf3 1/2-1/2

[Event "Hart House Closed"]
[Site "Toronto CAN"]
[Date "2007.06.15"]
[Round "4"]
[White "Longo, Tyler"]
[Black "Ferreira, Alex"]
[Result "1/2-1/2"]
[WhiteElo "1916"]
[BlackElo "1928"]
[PlyCount "70"]
[GameId "2160767910667805"]
[EventDate "2007.05.25"]
[EventType "tourn"]
[EventRounds "6"]
[EventCountry "CAN"]

1. d4 d5 2. Nf3 c5 3. e3 Nc6 4. b3 Bf5 5. Bb2 Nf6 6. Nbd2 Rc8 7. Ne5 a6 8. g4 Bg6 9. Nxg6 hxg6 10. g5 Nd7 11. h4 cxd4 12. exd4 e6 13. Bg2 Nb4 14. c3 Nd3+ 15. Kf1 Nxb2 16. Qc2 Bb4 17. Rh3 Nd3 18. Rxd3 Rxh4 19. Nf3 Rh5 20. Re3 Be7 21. Rxe6 Kf8 22. Re3 Bxg5 23. Nxg5 Qxg5 24. Rae1 Nf6 25. Qc1 Ng4 26. Qa3+ Kg8 27. Rg3 Qf5 28. Qb2 Nh2+ 29. Kg1 Ng4 30. Bh3 Rxh3 31. Rxh3 Nxf2 32. Rhe3 Nh3+ 33. Kh1 Nf2+ 34. Kg1 Nh3+ 35. Kh1 Nf2+ 1/2-1/2

[Event "Hart House Closed"]
[Site "Toronto CAN"]
[Date "2007.06.22"]
[Round "5"]
[White "Ferreira, Alex"]
[Black "Pechenkin, Vladimir"]
[Result "0-1"]
[WhiteElo "1928"]
[BlackElo "2297"]
[PlyCount "70"]
[GameId "2160767910667806"]
[EventDate "2007.05.25"]
[EventType "tourn"]
[EventRounds "6"]
[EventCountry "CAN"]

1. e4 d5 2. exd5 Nf6 3. d4 Nxd5 4. c4 Nb6 5. Nc3 e5 6. dxe5 Qxd1+ 7. Nxd1 Nc6 8. f4 Be6 9. Ne3 O-O-O 10. Nf3 Bc5 11. b3 Nb4 12. a3 Nd3+ 13. Bxd3 Rxd3 14. f5 Bd7 15. Ke2 Rxb3 16. g4 Bxe3 17. Bxe3 Nxc4 18. Bf4 Bc6 19. Rhf1 Re8 20. Nd4 Rb2+ 21. Kd3 Nxe5+ 22. Bxe5 Rxe5 23. Nxc6 bxc6 24. f6 gxf6 25. Rxf6 Rxh2 26. Rxf7 Rh3+ 27. Kd4 Rg5 28. Rf8+ Kb7 29. Rb1+ Ka6 30. Rf7 Rxg4+ 31. Ke5 Re3+ 32. Kf5 Rf3+ 33. Kxg4 Rxf7 34. Kg5 c5 35. a4 Ka5 0-1

[Event "Hart House Closed"]
[Site "Toronto CAN"]
[Date "2007.06.29"]
[Round "6"]
[White "Mills, Morgon"]
[Black "Ferreira, Alex"]
[Result "1-0"]
[WhiteElo "2106"]
[BlackElo "1928"]
[PlyCount "97"]
[GameId "2160767910667807"]
[EventDate "2007.05.25"]
[EventType "tourn"]
[EventRounds "6"]
[EventCountry "CAN"]

1. e4 c5 2. Nf3 e6 3. c3 Nc6 4. d4 cxd4 5. cxd4 d5 6. e5 f6 7. Bd3 Bd7 8. O-O Qb6 9. Nc3 a6 10. a3 Na7 11. Re1 O-O-O 12. Qc2 Kb8 13. Bf4 Ka8 14. exf6 gxf6 15. Nxd5 exd5 16. Bc7 Rc8 17. Bxb6 Rxc2 18. Bxc2 Bd6 19. Bc5 Nc8 20. Bb3 Bxc5 21. dxc5 Nge7 22. Rad1 Bc6 23. Re6 Rf8 24. Rde1 Ng6 25. Nd4 Bd7 26. R6e3 Nf4 27. Rf3 Ng6 28. Bxd5 Nce7 29. Be6 Bc6 30. Rfe3 Nf4 31. Nxc6 Nxc6 32. Bf5 Rf7 33. g3 Rg7 34. Rf3 Nd5 35. Be4 Nce7 36. Bxd5 Nxd5 37. Rd1 Rg5 38. b4 a5 39. h4 Re5 40. Rfd3 Nc7 41. Rd7 Nb5 42. c6 bxc6 43. Rxh7 Re8 44. bxa5 Nxa3 45. Rc1 Rc8 46. Rf7 c5 47. Rxf6 c4 48. Rc3 Nb5 49. Ra6+ 1-0

[Event "Hiver"]
[Site "Montreal CAN"]
[Date "2007.01.19"]
[Round "1"]
[White "Deschamps, Richard"]
[Black "Hua, Lefong"]
[Result "0-1"]
[WhiteElo "1969"]
[BlackElo "2358"]
[PlyCount "49"]
[GameId "2160767910726799"]
[EventDate "2007.01.19"]
[EventType "swiss"]
[EventRounds "5"]
[EventCountry "CAN"]
[SourceTitle "EXT 2008"]
[Source "ChessBase"]
[SourceDate "2007.11.25"]
[SourceVersion "1"]
[SourceVersionDate "2007.11.25"]
[SourceQuality "1"]

1. d4 Nf6 2. c4 c5 3. d5 e6 4. Nc3 exd5 5. cxd5 d6 6. e4 g6 7. Be2 Bg7 8. Nf3 O-O 9. O-O Re8 10. Nd2 a6 11. a4 Nbd7 12. f4 c4 13. Qc2 Nc5 14. Bf3 Bg4 15. Nxc4 Bxf3 16. gxf3 Nh5 17. Be3 Rc8 18. Ne2 Nxe4 19. fxe4 b5 20. axb5 axb5 21. Qb3 Rxc4 22. e5 Re4 23. Qd3 dxe5 24. Qxe4 exf4 25. Bb6 0-1

[Event "Hiver"]
[Site "Montreal CAN"]
[Date "2007.01.19"]
[Round "2"]
[White "Bergeron, Marc"]
[Black "Desjardins, Michel"]
[Result "1-0"]
[WhiteElo "2030"]
[BlackElo "1905"]
[PlyCount "69"]
[GameId "2160767910726801"]
[EventDate "2007.01.19"]
[EventType "swiss"]
[EventRounds "5"]
[EventCountry "CAN"]
[SourceTitle "EXT 2008"]
[Source "ChessBase"]
[SourceDate "2007.11.25"]
[SourceVersion "1"]
[SourceVersionDate "2007.11.25"]
[SourceQuality "1"]

1. c4 e5 2. g3 Nc6 3. Bg2 g6 4. Nc3 Bg7 5. e4 d6 6. d3 f5 7. Nge2 Nf6 8. O-O O-O 9. Rb1 Be6 10. Nd5 h6 11. b4 Rb8 12. b5 Ne7 13. Qa4 Nc8 14. Bd2 Qd7 15. Qc2 g5 16. f4 gxf4 17. gxf4 Kh8 18. Ng3 fxe4 19. dxe4 exf4 20. Nxf4 Ne7 21. Nf5 Bxf5 22. exf5 Ng4 23. Rbe1 Ne5 24. Ne6 Rf6 25. Bh3 Rg8 26. Kh1 Qe8 27. Re3 Qh5 28. Qe4 Bf8 29. Bc3 Qf7 30. c5 N7g6 31. Rg1 Rxe6 32. fxe6 Qf2 33. Reg3 Bg7 34. Rxg6 Nxg6 35. Rxg6 1-0

[Event "Hiver"]
[Site "Montreal CAN"]
[Date "2007.01.19"]
[Round "2"]
[White "Hua, Lefong"]
[Black "Chase, Oliver"]
[Result "1-0"]
[WhiteElo "2358"]
[BlackElo "1811"]
[PlyCount "57"]
[GameId "2160767910726804"]
[EventDate "2007.01.19"]
[EventType "swiss"]
[EventRounds "5"]
[EventCountry "CAN"]
[SourceTitle "EXT 2008"]
[Source "ChessBase"]
[SourceDate "2007.11.25"]
[SourceVersion "1"]
[SourceVersionDate "2007.11.25"]
[SourceQuality "1"]

1. d4 Nf6 2. c4 e5 3. dxe5 Ng4 4. Bf4 Nc6 5. Nf3 Bb4+ 6. Nbd2 Qe7 7. e3 Ngxe5 8. Nxe5 Nxe5 9. Be2 O-O 10. O-O d6 11. Nb3 b6 12. Qc2 Bb7 13. a3 Bc5 14. Bg3 f5 15. Rfe1 Kh8 16. Qc3 Rfe8 17. Rad1 Rad8 18. Nc1 d5 19. b4 Bd6 20. c5 bxc5 21. bxc5 Bxc5 22. Bxe5 Bxa3 23. Bxg7+ Qxg7 24. Qxa3 d4 25. g3 dxe3 26. fxe3 Qe5 27. Kf2 Qe4 28. Qc3+ Kg8 29. Bc4+ 1-0

[Event "Hiver"]
[Site "Montreal CAN"]
[Date "2007.01.19"]
[Round "2"]
[White "Larochelle, Martial"]
[Black "Bouchard, Jean-Marc"]
[Result "1-0"]
[WhiteElo "2172"]
[BlackElo "1853"]
[PlyCount "105"]
[GameId "2160767910726805"]
[EventDate "2007.01.19"]
[EventType "swiss"]
[EventRounds "5"]
[EventCountry "CAN"]
[SourceTitle "EXT 2008"]
[Source "ChessBase"]
[SourceDate "2007.11.25"]
[SourceVersion "1"]
[SourceVersionDate "2007.11.25"]
[SourceQuality "1"]

1. Nf3 d5 2. d4 e6 3. c4 c6 4. Qc2 Nf6 5. Bg5 h6 6. Bh4 Nbd7 7. e3 Qa5+ 8. Nc3 Bb4 9. Bd3 dxc4 10. Bxc4 g5 11. Bg3 b5 12. Bd3 Nd5 13. O-O Bxc3 14. bxc3 Qxc3 15. Qxc3 Nxc3 16. Rfc1 b4 17. a3 c5 18. axb4 cxb4 19. Rxc3 bxc3 20. Be4 Nb6 21. Bxa8 Nxa8 22. Rxa7 c2 23. Ra1 Bb7 24. Ne1 O-O 25. Nxc2 Be4 26. Nb4 Nb6 27. f3 Bh7 28. Ra6 Nc4 29. Kf2 Nb2 30. Bd6 Nd3+ 31. Nxd3 Bxd3 32. Bxf8 Bxa6 33. Bxh6 f6 34. e4 Bc4 35. g3 Kh7 36. Bf8 f5 37. exf5 exf5 38. h4 gxh4 39. gxh4 Kg6 40. Kg3 Bd5 41. Kf4 Bc6 42. Bb4 Bd5 43. Be7 Bc6 44. Bg5 Bb7 45. Ke3 Bd5 46. f4 Be4 47. Kd2 Bf3 48. Kc3 Kf7 49. Kc4 Ke6 50. Kc5 Bh5 51. d5+ Kd7 52. Kd4 Kd6 53. Bh6 1-0

[Event "Hiver"]
[Site "Montreal CAN"]
[Date "2007.01.20"]
[Round "3"]
[White "Bouchard, Jean-Marc"]
[Black "Libersan, Thierry"]
[Result "0-1"]
[WhiteElo "1853"]
[BlackElo "2189"]
[PlyCount "98"]
[GameId "2160767910726808"]
[EventDate "2007.01.19"]
[EventType "swiss"]
[EventRounds "5"]
[EventCountry "CAN"]
[SourceTitle "EXT 2008"]
[Source "ChessBase"]
[SourceDate "2007.11.25"]
[SourceVersion "1"]
[SourceVersionDate "2007.11.25"]
[SourceQuality "1"]

1. e4 c5 2. Nf3 e6 3. d4 cxd4 4. Nxd4 Nc6 5. Be3 Qc7 6. Nb5 Qb8 7. c4 a6 8. N5c3 Nf6 9. Be2 Bd6 10. g3 Be7 11. a4 Qc7 12. f4 d6 13. Nd2 b6 14. Rc1 Bb7 15. Bf3 Nb4 16. Qe2 Nd7 17. O-O O-O 18. Bd4 Rac8 19. b3 Nc6 20. Bf2 Bf6 21. Bg2 Nc5 22. Bxc5 bxc5 23. Nf3 Nd4 24. Nxd4 Bxd4+ 25. Kh1 Rb8 26. Qc2 Bc6 27. f5 Qb7 28. fxe6 fxe6 29. Rxf8+ Rxf8 30. Re1 Qb4 31. Rc1 Rb8 32. Ne2 Qxb3 33. Nxd4 cxd4 34. Qxb3 Rxb3 35. e5 Bxg2+ 36. Kxg2 dxe5 37. Re1 d3 38. Kf2 Rb2+ 39. Ke3 e4 40. Rd1 Re2+ 41. Kd4 d2 42. c5 Kf7 43. c6 Ke7 44. Ke5 e3 45. Rb1 Re1 46. Rb7+ Kd8 47. Rd7+ Kc8 48. Kxe6 d1=Q 49. Ke7 e2 0-1

[Event "Hiver"]
[Site "Montreal CAN"]
[Date "2007.01.20"]
[Round "3"]
[White "Cloutier, Mathieu"]
[Black "Larochelle, Martial"]
[Result "0-1"]
[WhiteElo "2045"]
[BlackElo "2172"]
[PlyCount "54"]
[GameId "2160767910726809"]
[EventDate "2007.01.19"]
[EventType "swiss"]
[EventRounds "5"]
[EventCountry "CAN"]
[SourceTitle "EXT 2008"]
[Source "ChessBase"]
[SourceDate "2007.11.25"]
[SourceVersion "1"]
[SourceVersionDate "2007.11.25"]
[SourceQuality "1"]

1. Nf3 d6 2. d4 Bg4 3. e4 Nf6 4. Bd3 e6 5. Bg5 Be7 6. Nbd2 d5 7. O-O O-O 8. e5 Nfd7 9. Bxe7 Qxe7 10. c3 c5 11. Qb3 Nb6 12. Qc2 g6 13. h3 Bxf3 14. Nxf3 Nc6 15. Qd2 Kg7 16. Nh2 cxd4 17. Ng4 Nd7 18. cxd4 Nxd4 19. Bxg6 Nf3+ 20. gxf3 fxg6 21. Rac1 Qh4 22. Rc7 Rf7 23. Qb4 h5 24. Qxb7 hxg4 25. Rxd7 Raf8 26. fxg4 Qxh3 27. f3 Qg3+ 0-1

[Event "Hiver"]
[Site "Montreal CAN"]
[Date "2007.01.20"]
[Round "3"]
[White "Girouard, Michel"]
[Black "Bergeron, Marc"]
[Result "1/2-1/2"]
[WhiteElo "1882"]
[BlackElo "2030"]
[PlyCount "46"]
[GameId "2160767910726810"]
[EventDate "2007.01.19"]
[EventType "swiss"]
[EventRounds "5"]
[EventCountry "CAN"]
[SourceTitle "EXT 2008"]
[Source "ChessBase"]
[SourceDate "2007.11.25"]
[SourceVersion "1"]
[SourceVersionDate "2007.11.25"]
[SourceQuality "1"]

1. g3 d5 2. Bg2 e5 3. Nf3 Nc6 4. d3 Nf6 5. O-O h6 6. Nbd2 Bc5 7. e4 dxe4 8. dxe4 Be6 9. b3 Qd6 10. Bb2 O-O-O 11. Qe2 Nd4 12. Nxd4 Bxd4 13. Bxd4 Qxd4 14. Nf3 Qxe4 15. Qxe4 Nxe4 16. Rfe1 Nc3 17. Rxe5 Rd6 18. Rae1 Rhd8 19. Bf1 Rd1 20. a4 Bg4 21. Kg2 f6 22. Re7 R1d7 23. Bd3 Nd5 1/2-1/2

[Event "Hiver"]
[Site "Montreal CAN"]
[Date "2007.01.21"]
[Round "4"]
[White "Deschamps, Richard"]
[Black "Cloutier, Mathieu"]
[Result "0-1"]
[WhiteElo "1969"]
[BlackElo "2045"]
[PlyCount "116"]
[GameId "2160767910726812"]
[EventDate "2007.01.19"]
[EventType "swiss"]
[EventRounds "5"]
[EventCountry "CAN"]
[SourceTitle "EXT 2008"]
[Source "ChessBase"]
[SourceDate "2007.11.25"]
[SourceVersion "1"]
[SourceVersionDate "2007.11.25"]
[SourceQuality "1"]

1. d4 Nf6 2. c4 e6 3. Nf3 c5 4. d5 exd5 5. cxd5 d6 6. Nc3 g6 7. e4 Bg7 8. Be2 O-O 9. O-O Re8 10. Qc2 Na6 11. Re1 Nc7 12. Bg5 h6 13. Bf4 g5 14. Bg3 Nh5 15. a4 Nxg3 16. hxg3 Re7 17. Rad1 Ne8 18. Nd2 a6 19. Nc4 b6 20. Ne3 Bd4 21. Nf1 Nf6 22. Bd3 Ng4 23. Rd2 Bd7 24. Nh2 Nxh2 25. Kxh2 Qe8 26. Nd1 Bxa4 27. b3 Bb5 28. Ne3 Bxd3 29. Qxd3 Rxe4 30. Rde2 Bxe3 31. Rxe3 Rxe3 32. Rxe3 Qd7 33. Qe2 Qf5 34. Qh5 Qg6 35. Qxg6+ fxg6 36. Re6 Rd8 37. Rxg6+ Kh7 38. Re6 Rd7 39. Kh3 b5 40. Re8 c4 41. bxc4 b4 42. Ra8 Rb7 43. Rxa6 b3 44. Ra1 b2 45. Rb1 Rb3 46. Kh2 Kg6 47. Kg1 Kf5 48. Kf1 Ke4 49. Ke2 Kd4 50. Kd2 Rb4 51. f4 Rb3 52. fxg5 Rxg3 53. Ke1 Rxg2 54. Kf1 Rc2 55. gxh6 Rc1+ 56. Kg2 Rxb1 57. h7 Rg1+ 58. Kh2 Rh1+ 0-1

[Event "Hiver"]
[Site "Montreal CAN"]
[Date "2007.01.21"]
[Round "4"]
[White "Libersan, Thierry"]
[Black "Papineau (Montreal), Daniel"]
[Result "1/2-1/2"]
[WhiteElo "2189"]
[BlackElo "2009"]
[PlyCount "155"]
[GameId "2160767910726815"]
[EventDate "2007.01.19"]
[EventType "swiss"]
[EventRounds "5"]
[EventCountry "CAN"]

1. e4 e5 2. Nf3 Nc6 3. Bb5 a6 4. Ba4 Nf6 5. O-O Be7 6. Re1 b5 7. Bb3 d6 8. c3 O-O 9. h3 h6 10. d4 Re8 11. Nbd2 Bf8 12. a4 Bd7 13. Bc2 Qb8 14. Nf1 Qb7 15. Ng3 Nb8 16. Nh4 g6 17. dxe5 dxe5 18. Qf3 Nh7 19. axb5 axb5 20. Rxa8 Qxa8 21. Qd3 c5 22. b3 Bc6 23. Nf3 Nd7 24. Nd2 Rd8 25. Qe2 Nhf6 26. c4 Qb7 27. Ndf1 bxc4 28. bxc4 Bg7 29. Rd1 Qc7 30. Ne3 Nb6 31. Nd5 Qd6 32. Be3 Bxd5 33. cxd5 Ne8 34. Nf1 Ra8 35. Nd2 Qc7 36. Nc4 Nd6 37. Nxd6 Qxd6 38. Rb1 Nd7 39. Bd3 Bf8 40. Qb2 Rb8 41. Qc1 h5 42. Rb5 Qc7 43. Qb1 Bd6 44. Rxb8+ Nxb8 45. Bb5 Qb7 46. Qd3 Nd7 47. Bxd7 Qxd7 48. Qa6 Kg7 49. Qc6 Qe7 50. h4 Qf8 51. g3 Qe7 52. Kg2 Qf8 53. f4 f6 54. Qd7+ Qe7 55. Qxe7+ Bxe7 56. fxe5 fxe5 57. Kf3 Kf7 58. Ke2 c4 59. Bb6 Bb4 60. Kd1 Ke7 61. Be3 Kf7 62. Bd2 Bc5 63. Kc2 Bd4 64. Be1 Ke7 65. Kb1 Kd6 66. Bb4+ Kd7 67. Be1 Kd6 68. Ka2 Bc5 69. Kb2 Bd4+ 70. Ka3 Kc5 71. Ka4 Be3 72. Bc3 Bd4 73. Bb4+ Kb6 74. Bd6 Bc3 75. Be7 Be1 76. Bg5 Kc5 77. Be3+ Kd6 78. Bg5 1/2-1/2

[Event "Hiver"]
[Site "Montreal CAN"]
[Date "2007.01.21"]
[Round "4"]
[White "Saziouk, Alexandre"]
[Black "Poschmann, Jeremie"]
[Result "0-1"]
[WhiteElo "1652"]
[BlackElo "1739"]
[PlyCount "86"]
[GameId "2160767910726816"]
[EventDate "2007.01.19"]
[EventType "swiss"]
[EventRounds "5"]
[EventCountry "CAN"]
[SourceTitle "EXT 2008"]
[Source "ChessBase"]
[SourceDate "2007.11.25"]
[SourceVersion "1"]
[SourceVersionDate "2007.11.25"]
[SourceQuality "1"]

1. d4 Nf6 2. c4 c5 3. d5 e6 4. Bg5 exd5 5. cxd5 d6 6. Nc3 g6 7. e4 Bg7 8. Bd3 O-O 9. Nge2 a6 10. a4 Nbd7 11. O-O Re8 12. Bf4 Qc7 13. Qd2 Ne5 14. Bxe5 Rxe5 15. f4 Re8 16. Kh1 b6 17. Ng3 Qd8 18. Rae1 Ng4 19. Be2 Nxh2 20. Kxh2 Qh4+ 21. Kg1 Bd4+ 22. Rf2 Qxg3 23. Bf3 Bxf2+ 24. Qxf2 Qxf4 25. Rf1 Ra7 26. Ne2 Qe5 27. Nc3 Rae7 28. Qh4 Bd7 29. Kf2 b5 30. Rh1 f5 31. axb5 axb5 32. Re1 b4 33. Nd1 Qd4+ 34. Kg3 fxe4 35. Bg4 Bxg4 36. Qxg4 Qxd5 37. Ne3 Qe5+ 38. Kh3 d5 39. Rf1 Rf8 40. Rxf8+ Kxf8 41. Qc8+ Kf7 42. Qxc5 d4 43. Qc4+ Qe6+ 0-1

[Event "Hiver"]
[Site "Montreal CAN"]
[Date "2007.01.21"]
[Round "5"]
[White "Bergeron, Marc"]
[Black "Bouchard, Jean-Marc"]
[Result "0-1"]
[WhiteElo "2030"]
[BlackElo "1853"]
[PlyCount "44"]
[GameId "2160767910726817"]
[EventDate "2007.01.19"]
[EventType "swiss"]
[EventRounds "5"]
[EventCountry "CAN"]
[SourceTitle "EXT 2008"]
[Source "ChessBase"]
[SourceDate "2007.11.25"]
[SourceVersion "1"]
[SourceVersionDate "2007.11.25"]
[SourceQuality "1"]

1. c4 e6 2. e4 d5 3. exd5 exd5 4. d4 Nf6 5. Nf3 Be7 6. Nc3 O-O 7. Be2 Nc6 8. Ne5 Be6 9. Nxc6 bxc6 10. c5 Ne4 11. O-O f5 12. Nb1 f4 13. f3 Ng5 14. Nd2 Bf5 15. Nb3 Ne6 16. Bd3 Bh4 17. Bxf5 Rxf5 18. Qd3 Qf6 19. Bd2 Rh5 20. Be1 Rf8 21. g4 fxg3 22. hxg3 Qg5 0-1

[Event "Hiver"]
[Site "Montreal CAN"]
[Date "2007.01.21"]
[Round "5"]
[White "Chase, Oliver"]
[Black "Papineau (Montreal), Daniel"]
[Result "0-1"]
[WhiteElo "1811"]
[BlackElo "2009"]
[PlyCount "98"]
[GameId "2160767910726818"]
[EventDate "2007.01.19"]
[EventType "swiss"]
[EventRounds "5"]
[EventCountry "CAN"]

1. e4 c6 2. d4 d5 3. exd5 cxd5 4. Nf3 Nf6 5. Bd3 Bg4 6. h3 Bh5 7. c3 Nc6 8. Bf4 e6 9. Nbd2 Bd6 10. Bxd6 Qxd6 11. Qb3 Qc7 12. O-O O-O 13. Rfe1 Nd7 14. g4 Bg6 15. Bxg6 hxg6 16. Re2 Rab8 17. Rae1 b5 18. Qc2 Rfe8 19. Qd3 b4 20. Ng5 bxc3 21. bxc3 Nf6 22. Nb3 Na5 23. Nc5 Qf4 24. Nf3 Nc4 25. Ne5 Nxe5 26. Rxe5 Rb2 27. R5e2 Reb8 28. Qa6 Qf3 29. Qd3 Qxd3 30. Nxd3 Rxe2 31. Rxe2 Nd7 32. Rb2 Rxb2 33. Nxb2 Nb6 34. a4 a5 35. f3 Kf8 36. Kf2 Ke7 37. Ke3 g5 38. Kd3 Kd6 39. c4 dxc4+ 40. Nxc4+ Nxc4 41. Kxc4 Kc6 42. Kd3 Kd5 43. Kc3 f6 44. Kd3 e5 45. dxe5 fxe5 46. Kc3 Kc5 47. Kb3 Kd4 48. Kb2 Kc4 49. Ka2 Kc3 0-1

[Event "Hiver"]
[Site "Montreal CAN"]
[Date "2007.01.21"]
[Round "5"]
[White "Hua, Lefong"]
[Black "Larochelle, Martial"]
[Result "1-0"]
[WhiteElo "2358"]
[BlackElo "2172"]
[PlyCount "85"]
[GameId "2160767910726820"]
[EventDate "2007.01.19"]
[EventType "swiss"]
[EventRounds "5"]
[EventCountry "CAN"]
[SourceTitle "EXT 2008"]
[Source "ChessBase"]
[SourceDate "2007.11.25"]
[SourceVersion "1"]
[SourceVersionDate "2007.11.25"]
[SourceQuality "1"]

1. d4 d6 2. c4 e5 3. Nf3 e4 4. Nfd2 f5 5. e3 Nf6 6. Nc3 Be7 7. Be2 O-O 8. f3 exf3 9. Nxf3 Na6 10. O-O c6 11. Bd2 Nc7 12. b4 d5 13. Qb3 dxc4 14. Bxc4+ Kh8 15. Ne5 Bd6 16. Nf7+ Rxf7 17. Bxf7 Ng4 18. Rf3 Bxh2+ 19. Kf1 Bd6 20. Rh3 Qe7 21. Ne2 Nh6 22. Bc4 b5 23. Bd3 f4 24. Rxh6 gxh6 25. Nxf4 Bd7 26. Kg1 Rf8 27. Rf1 Ne6 28. d5 Nxf4 29. exf4 Bc7 30. Bc3+ Rf6 31. Re1 Bb6+ 32. Kf1 Qg7 33. f5 Qg5 34. Bxf6+ Qxf6 35. dxc6 Qd4 36. Ke2 Bxc6 37. Kd2 Qf2+ 38. Re2 Qf4+ 39. Kc2 Bd7 40. Qf7 Qc7+ 41. Kb1 Qd6 42. Bc2 Bc6 43. a3 1-0

[Event "Hiver"]
[Site "Montreal CAN"]
[Date "2007.01.21"]
[Round "5"]
[White "Pregent, Daniel"]
[Black "Poschmann, Jeremie"]
[Result "0-1"]
[WhiteElo "1757"]
[BlackElo "1739"]
[PlyCount "88"]
[GameId "2160767910726823"]
[EventDate "2007.01.19"]
[EventType "swiss"]
[EventRounds "5"]
[EventCountry "CAN"]
[SourceTitle "EXT 2008"]
[Source "ChessBase"]
[SourceDate "2007.11.25"]
[SourceVersion "1"]
[SourceVersionDate "2007.11.25"]
[SourceQuality "1"]

1. d4 Nf6 2. Nf3 e6 3. c4 c5 4. d5 exd5 5. cxd5 d6 6. Nc3 g6 7. e4 Bg4 8. h3 Bxf3 9. gxf3 Bg7 10. f4 Nbd7 11. Bg2 O-O 12. O-O a6 13. Re1 Re8 14. a4 Rb8 15. a5 Nh5 16. Bd2 b5 17. axb6 Rxb6 18. Na4 Rb8 19. f5 Qh4 20. Qg4 Qd8 21. Bc3 Ne5 22. Qe2 Bh6 23. Qxa6 Nf4 24. Qf1 Qg5 25. Bxe5 Rxe5 26. Ra3 Qxg2+ 27. Qxg2 Nxg2 28. Kxg2 gxf5 29. f3 fxe4 30. Rxe4 Rxe4 31. fxe4 Bc1 32. Rg3+ Kf8 33. b3 Bf4 34. Rd3 Be5 35. Kf3 Ke7 36. Kg4 Kf6 37. Rf3+ Kg6 38. h4 h5+ 39. Kh3 Rb4 40. Rf5 Rxb3+ 41. Kg2 f6 42. Rf3 Rb4 43. Nc3 Rb2+ 44. Kf1 Rb3 0-1